| 000 | 00684nam a2200241Ia 4500 | ||
|---|---|---|---|
| 005 | 20260121112054.0 | ||
| 008 | 3087 260114s9999 xx 000 0 eng d | ||
| 020 | _a9789811206757 | ||
| 037 | _aEBOOK | ||
| 040 |
_aCRL _beng _cCRL |
||
| 041 |
_aeng _2eng |
||
| 084 | _qCRL | ||
| 100 |
_aGao Bai, Li Guowu & Zhen Zhihong _9951797 |
||
| 245 | 0 | _aHigh-Speed Rail: an Analysis of the Chinese Innovation System | |
| 260 | _bWorld Scientific | ||
| 260 | _bWSPC | ||
| 260 | _c2020 | ||
| 650 |
_aEngineering / Acoustics _9951798 |
||
| 856 | _uhttps://www.worldscientific.com/worldscibooks/10.1142/11456#t=toc | ||
| 942 | _cEBOOK | ||
| 999 |
_c1540387 _d1540387 |
||